000 00701nam a2200289Ia 4500
005 20260324135115.0
008 008 260324s9999 xx 000 0 eng d
020 _a9781315194011
037 _aEBOOK
040 _aCRL
040 _beng
040 _cCRL
041 _2eng
041 _aeng
084 _qCRL
100 _aJohn R. Walsh
_91199360
245 0 _aWide Crossing
245 4 _bThe West Africa Rice Development Association in Transition, 1985-2000
260 _bTaylor and Francis
260 _c2001
365 _a
365 _b170
856 _uhttp://www.taylorfrancis.com/books/9781315194011
942 _cEBOOK
999 _c1800098
_d1800098